|
|
|
|
| LEADER |
00000cam a2200000 a 4500 |
| 001 |
vtls009289762 |
| 003 |
SK-MaSNL |
| 005 |
20260301081618.0 |
| 008 |
160610s2007 xo g 000 f slo |
| 015 |
|
|
|a SNBA2013/10
|
| 020 |
|
|
|a 9788071361350
|q (viaz.)
|
| 035 |
|
|
|a 7D98C73C-BF91-4626-9A6A-BF4F9B6AFF88
|
| 035 |
|
|
|a urn:nbn:sk:snk-amldq9
|
| 035 |
|
|
|a urn:nbn:sk:snk-am008zue
|
| 040 |
|
|
|a SNK
|b slo
|c SNK
|e AACR2
|
| 041 |
1 |
|
|a slo
|h eng
|
| 044 |
|
|
|a xo
|c SK
|
| 072 |
|
7 |
|a 821.111(73)
|x Americká literatúra
|2 konspekt
|
| 080 |
|
|
|a 821.111(73)-31
|2 2001
|
| 100 |
1 |
|
|a Roberts, Nora,
|d 1950-
|4 aut
|9 210191
|
| 240 |
1 |
0 |
|a Face the Fire
|l Slovensky
|
| 245 |
1 |
0 |
|a Tanec s ohňom
|c Nora Robertsová ; preložila Anna Lysá
|
| 246 |
3 |
2 |
|a Ostrov troch sestier
|
| 246 |
1 |
|
|i Obálkový podnázov:
|a Tretia časť trilógie Ostrov troch sestier
|
| 250 |
|
|
|a 1. vyd.
|
| 260 |
|
|
|a Bratislava
|b Columbus
|c 2007
|
| 300 |
|
|
|a 268 s.
|c 20 cm
|
| 500 |
|
|
|a Preložené z angičtiny
|
| 655 |
|
7 |
|a americké romány
|2 SNKPH
|9 1174
|
| 655 |
|
7 |
|a American fiction
|2 SNKPHeng
|9 281076
|
| 700 |
1 |
|
|a Lysá, Anna,
|d 1950-
|4 trl
|9 39524
|
| 700 |
1 |
|
|i Pokračovanie diela:
|a Roberts, Nora,
|d 1950-
|t Tanec s vetrom
|9 405169
|
| 700 |
1 |
|
|i Pokračovanie diela:
|a Roberts, Nora,
|d 1950-
|t Tanec s hviezdami
|9 405170
|
| 700 |
1 |
|
|i Pokračovanie diela:
|a Roberts, Nora,
|d 1950-
|t Dance upon the air
|l Slovensky
|9 405171
|
| 700 |
1 |
|
|i Pokračovanie diela:
|a Roberts, Nora,
|d 1950-
|t Heaven and the earth
|l Slovensky
|9 405172
|
| 919 |
|
|
|a 978-80-7136-135-0
|
| 958 |
|
|
|a UP
|
| 958 |
|
|
|a LX
|
| 968 |
|
|
|b ENG
|
| 999 |
|
|
|c 656346
|d 658276
|
| 952 |
|
|
|a SNK
|b SNK
|y PREZ
|7 0
|p 17A1090420
|o snkSC 126060/3
|i snk2013/22624
|8 3
|g 8.93
|0 0
|1 0
|4 0
|d 2013-09-25
|f 1
|l 0
|r 2025-06-11 00:00:00
|w 2026-02-23
|
| 952 |
|
|
|a SNK
|b SNK
|y PREZ
|7 0
|p 17A1090421
|o snkSC 126060/3 D1
|i snk2013/22627
|8 3
|g 8.93
|0 0
|1 0
|4 0
|d 2013-09-25
|l 0
|r 2026-02-23 18:37:27
|w 2026-02-23
|